000 00422nam a2200169Ia 4500
008 230524s9999 xx 000 0 und d
020 _a9780070260955
082 _a621.382
_bCAT
100 _aJimmie J.Cathey
245 0 _aSchaum's Electronic Devices and Circuits
250 _a2ND
260 _aNEW DELHI
_bTMH
_c2004
300 _aVII;310
500 _aQuantity Number: 190
650 _aElectronics
942 _cBK
999 _c23295
_d23295